000 00264nam a22001217a 4500
999 _c8862
_d8862
003 OSt
005 20191109120320.0
008 191109b ||||| |||| 00| 0 eng d
040 _cDDC
100 _aMac Leod, F. Wayne
245 _aYehejkial (Hindi)
942 _2ddc
_cBK